Biochemical evaluation of RRII 400 series clones of Hevea brasiliensis for drought tolerance (Record no. 54741)

MARC details
000 -LEADER
fixed length control field 00805nam a2200205Ia 4500
100 ## - MAIN ENTRY--AUTHOR NAME
Personal name Thomas M
245 #0 - TITLE STATEMENT
Title Biochemical evaluation of RRII 400 series clones of Hevea brasiliensis for drought tolerance
260 ## - PUBLICATION, DISTRIBUTION, ETC. (IMPRINT)
Name of publisher International Conference on Role of Plant Biochemistry and Biotechnology in Food and Nutritional Security & XII th Convention of Indian Society of Agriculture Biochemists, 11-14 December 2013, Sri Venkateswara University, Tirupati, India, Abstracts, p.34.
650 ## - SUBJECT ADDED ENTRY--TOPICAL TERM
Topical Term Biochemical evaluation
650 ## - SUBJECT ADDED ENTRY--TOPICAL TERM
Topical Term Drought tolerance
650 ## - SUBJECT ADDED ENTRY--TOPICAL TERM
Topical Term RRII 400 series
700 ## - ADDED ENTRY--PERSONAL NAME
Personal name Annamalainathan K
700 ## - ADDED ENTRY--PERSONAL NAME
Personal name Gopalakrishnan J
700 ## - ADDED ENTRY--PERSONAL NAME
Personal name Jacob J
700 ## - ADDED ENTRY--PERSONAL NAME
Personal name Sreelatha S
700 ## - ADDED ENTRY--PERSONAL NAME
Personal name Sumesh K.V
856 ## - ELECTRONIC LOCATION AND ACCESS
Uniform Resource Identifier Abst
942 ## - ADDED ENTRY ELEMENTS (KOHA)
Koha item type Journals
Holdings
Withdrawn status Lost status Damaged status Not for loan Home library Current library Shelving location Date acquired Koha item type
      Journals RRII Library RRII Library Physiology 17/12/2021 Journals